[Event "Manaus op"]
[White "Breves, Ryan Freitas Marinh"]
[Black "Chagas, Lilem De Jesus Cass"]
[Site "Manaus"]
[Round "9"]
[Result "0-1"]
[Date "2024.10.17"]
[WhiteElo "1765"]
[BlackElo "1702"]
[PlyCount "56"]
[EventDate "2024.10.11"]
[EventType "swiss"]
[EventRounds "9"]
[EventCountry "BRA"]
[SourceTitle "CB43_2024"]
[Source "Chessbase"]
[SourceDate "2024.10.23"]
[SourceVersion "1"]
[SourceVersionDate "2024.10.23"]
[SourceQuality "1"]

1. c4 e5 2. g3 Nc6 3. Bg2 Nf6 4. Nc3 Bb4 5. d3 d6 6. Nf3 0-0 7. 0-0 h6 8. Bd2 Bc5 9. a3 a6 10. b4 Ba7 11. Qc1 Kh7 12. h3 Re8 13. Rb1 e4 14. dxe4 Nxe4 15. Nxe4 Rxe4 16. Ng5+ hxg5 17. Bxe4+ f5 18. Bxg5 Qe8 19. Bxc6 bxc6 20. Be3 f4 21. Bxa7 Bxh3 22. Bd4 Bxf1 23. Qxf1 Qh5 24. Kg2 Kg6 25. Rb2 Rh8 26. Qg1 f3+ 27. Kf1 Qh3+ 28. Ke1 Qg2 0-1

[Event "Manaus op 2nd"]
[White "Santos, Alan Gomes Florenci"]
[Black "Chagas, Lilem De Jesus Cass"]
[Site "Manaus"]
[Round "7"]
[Result "1/2-1/2"]
[Date "2023.10.15"]
[WhiteElo "1626"]
[BlackElo "1788"]
[PlyCount "40"]
[EventDate "2023.10.11"]
[EventType "swiss"]
[EventRounds "9"]
[EventCountry "BRA"]
[SourceTitle "CBM 216 Extra"]
[Source "ChessBase"]
[SourceDate "2023.11.30"]
[SourceVersion "1"]
[SourceVersionDate "2023.11.30"]
[SourceQuality "1"]

1. d4 d5 2. Nf3 Nf6 3. c4 c6 4. cxd5 cxd5 5. Nc3 Nc6 6. Bf4 a6 7. e3 Bg4 8. Be2 e6 9. h3 Bh5 10. 0-0 Bd6 11. Bxd6 Qxd6 12. Rc1 b5 13. Qd2 0-0 14. Ne1 Bg6 15. Nd3 Nd7 16. Rfd1 Rfc8 17. a3 Na5 18. Qc2 Rc6 19. b4 Nc4 20. Qb3 Rac8 1/2-1/2

[Event "Manaus op 2nd"]
[White "Silverio, Vitor Luis de Jesus"]
[Black "Chagas, Lilem De Jesus Cass"]
[Site "Manaus"]
[Round "1"]
[Result "1-0"]
[Date "2023.10.11"]
[WhiteElo "1802"]
[BlackElo "1788"]
[PlyCount "60"]
[EventDate "2023.10.11"]
[EventType "swiss"]
[EventRounds "9"]
[EventCountry "BRA"]
[SourceTitle "CBM 216 Extra"]
[Source "ChessBase"]
[SourceDate "2023.11.30"]
[SourceVersion "1"]
[SourceVersionDate "2023.11.30"]
[SourceQuality "1"]

1. e4 e5 2. Nf3 Nc6 3. Bb5 a6 4. Ba4 b5 5. Bb3 h6 6. d4 Nf6 7. 0-0 Na5 8. dxe5 Nxb3 9. axb3 Ng4 10. h3 h5 11. Ng5 Bb7 12. hxg4 f6 13. Nh3 d5 14. exf6 Qxf6 15. e5 Qc6 16. g5 d4 17. f3 0-0-0 18. Kh1 Bc5 19. Bf4 Rde8 20. Nd2 d3 21. Ne4 Bd4 22. cxd3 Bxe5 23. Bxe5 Rxe5 24. Rc1 Qd5 25. Qc2 Re7 26. Rfd1 Qf7 27. b4 Kb8 28. Nc5 Rd7 29. Nxb7 Kxb7 30. Qc6+ Ka7 1-0